[Event "25th European Teams"]
[Site "Batumi GEO"]
[Date "2025.10.10"]
[Round "6.18"]
[Board "4"]
[White "Saraci, Korab"]
[Black "Gaprindashvili, Valeriane"]
[Result "1/2-1/2"]
[WhiteTitle "CM"]
[BlackTitle "GM"]
[WhiteElo "2197"]
[BlackElo "2347"]
[WhiteTeam "Kosovo"]
[BlackTeam "Georgia 4"]
[WhiteFideId "4701968"]
[BlackFideId "13601091"]
[EventDate "2025.10.05"]

1. d4 d5 2. c4 c6 3. Nf3 Nf6 4. g3 Bf5 5. Bg2 e6 6. O-O Be7 7. Nc3 h6 8. Re1 O-O
9. a3 Nbd7 10. Nd2 a5 11. e4 dxe4 12. Ndxe4 Nxe4 13. Nxe4 Nb6 14. Qb3 a4 15. Qc3
Nd7 16. Be3 Nf6 17. Nxf6+ Bxf6 18. Qb4 Qd7 19. Rad1 Bc2 20. Rd2 Bb3 21. d5 cxd5
22. cxd5 exd5 23. Bxd5 Bxd5 24. Red1 Rfd8 25. Rxd5 Qc6 26. Rd6 Qc2 27. R1d2 Qb1+
28. Rd1 Qc2 29. R1d2 Qb1+ 30. Rd1 Qxd1+ 31. Rxd1 Rxd1+ 32. Kg2 Rd7 33. Bxh6 Bd4
34. Bf4 Ra6 35. Qb5 Re7 36. Qd5 Bf6 37. Be3 Rc6 38. h4 g6 39. Qd8+ Kg7 40. Bd4
Re2 41. Kf1 Rec2 42. Qd5 Kg8 43. Qe4 Bxd4 44. Qxd4 b5 45. Qd8+ Kg7 46. Qd4+ Kg8
47. Qd8+ Kg7 48. Qd4+ Kg8 1/2-1/2

[Event "25th European Teams"]
[Site "Batumi GEO"]
[Date "2025.10.10"]
[Round "6.19"]
[Board "1"]
[White "Kiladze, Luka"]
[Black "Nielsen, Hogni Egilstoft"]
[Result "1-0"]
[WhiteTitle "FM"]
[BlackTitle "IM"]
[WhiteElo "2370"]
[BlackElo "2389"]
[WhiteTeam "Georgia 3"]
[BlackTeam "Faroe Islands"]
[WhiteFideId "13623389"]
[BlackFideId "7200404"]
[EventDate "2025.10.05"]

1. d4 Nf6 2. Bf4 d5 3. Nc3 a6 4. e3 e6 5. g4 b5 6. g5 Nfd7 7. h4 c5 8. Nf3 Bb7
9. Bh3 Nc6 10. h5 Be7 11. Rh2 Nf8 12. Ne2 Bd6 13. dxc5 Bxc5 14. Ned4 Qe7 15. c3
Nd7 16. g6 f5 17. gxh7 Nxd4 18. exd4 Bd6 19. Bxd6 Qxd6 20. Rg2 Rxh7 21. Ng5 Rh6
22. Qe2 Rf6 23. Nh7 Rf7 24. Rg6 O-O-O 25. Rxe6 Qh2 26. O-O-O Kb8 27. Kb1 Ka7 28.
Ng5 Rf6 29. Re7 Nb6 30. Rxg7 Rc6 31. Bxf5 Qf4 32. Bh3 Rb8 33. Ne6 Qf6 34. Rdg1
Na4 35. Nc5 Nxc5 36. dxc5 Qh4 37. Qe3 Qe4+ 38. Qxe4 dxe4 39. b4 Ka8 40. R1g6 Rh8
41. Rg8+ Rxg8 42. Rxg8+ Ka7 43. Rg6 Rc7 44. Rf6 Bd5 45. h6 1-0

[Event "25th European Teams"]
[Site "Batumi GEO"]
[Date "2025.10.10"]
[Round "6.19"]
[Board "2"]
[White "Apol, Luitjen Akselsson"]
[Black "Nemsadze, Daviti"]
[Result "1-0"]
[WhiteTitle "FM"]
[BlackTitle "FM"]
[WhiteElo "2318"]
[BlackElo "2348"]
[WhiteTeam "Faroe Islands"]
[BlackTeam "Georgia 3"]
[WhiteFideId "7202466"]
[BlackFideId "13619250"]
[EventDate "2025.10.05"]

1. e4 c5 2. Nf3 e6 3. d4 cxd4 4. Nxd4 Nc6 5. Nc3 Qc7 6. Be2 a6 7. Nxc6 bxc6 8.
Qd3 Nf6 9. Qg3 Qxg3 10. hxg3 Bb4 11. Bd2 d5 12. g4 d4 13. g5 dxc3 14. bxc3 Nxe4
15. cxb4 Nxd2 16. Kxd2 a5 17. Bf3 Bb7 18. Rab1 Kd7 19. b5 Kc7 20. b6+ Kd6 21.
Rh4 Kc5 22. Kc3 Ba6 23. Re4 a4 24. Rxa4 Bb5 25. Rf4 Rxa2 26. b7 Ra3+ 27. Rb3 Ra7
28. Rxb5+ cxb5 29. Rxf7 Kb6 30. Rxg7 Ra3+ 31. Kb2 Rxf3 32. gxf3 Ka7 33. Rc7 Rb8
34. Rxh7 Rf8 35. Re7 Kb8 36. g6 Rg8 37. g7 e5 38. Rf7 Ka7 39. Rf8 1-0

[Event "25th European Teams"]
[Site "Batumi GEO"]
[Date "2025.10.10"]
[Round "6.19"]
[Board "3"]
[White "Qalichava, Akaki"]
[Black "Egilstoft, Rogvi"]
[Result "1/2-1/2"]
[WhiteTitle "FM"]
[BlackTitle "FM"]
[WhiteElo "2333"]
[BlackElo "2304"]
[WhiteTeam "Georgia 3"]
[BlackTeam "Faroe Islands"]
[WhiteFideId "13615408"]
[BlackFideId "7200447"]
[EventDate "2025.10.05"]

1. e4 e5 2. Nf3 Nc6 3. Bb5 Nge7 4. O-O g6 5. c3 a6 6. Ba4 Bg7 7. d4 exd4 8. cxd4
O-O 9. d5 b5 10. Bc2 Nb8 11. Nc3 d6 12. Be3 c5 13. dxc6 Nbxc6 14. Qd2 Bg4 15.
Nd4 Nxd4 16. Bxd4 Bxd4 17. Qxd4 Nc6 18. Qd2 Rc8 19. Bb3 Ne5 20. f3 Qb6+ 21. Kh1
Be6 22. Rad1 Nc4 23. Bxc4 Bxc4 24. Rfe1 b4 25. Na4 Qa5 26. b3 Be6 27. f4 Bg4 28.
Rc1 Rxc1 29. Rxc1 Re8 30. Qd4 Qb5 31. h3 Bd7 32. Qxd6 Bxh3 33. Qd2 Bg4 34. e5
Qa5 35. Rc4 Be6 36. Qxb4 Qd8 37. Rd4 Qh4+ 38. Kg1 Rc8 39. Qd2 Rc2 40. Qxc2 Qe1+
41. Kh2 Qh4+ 1/2-1/2

[Event "25th European Teams"]
[Site "Batumi GEO"]
[Date "2025.10.10"]
[Round "6.19"]
[Board "4"]
[White "Poulsen, Martin"]
[Black "Shamatava, Nikolozi"]
[Result "0-1"]
[WhiteTitle "FM"]
[BlackTitle "FM"]
[WhiteElo "2276"]
[BlackElo "2296"]
[WhiteTeam "Faroe Islands"]
[BlackTeam "Georgia 3"]
[WhiteFideId "7200315"]
[BlackFideId "13619950"]
[EventDate "2025.10.05"]

1. e4 c6 2. Be2 d5 3. d3 e5 4. Nf3 Bd6 5. d4 dxe4 6. Nxe5 Bxe5 7. dxe5 Qa5+ 8.
Nc3 Qxe5 9. g3 Bf5 10. Bf4 Qe6 11. Qd4 Nd7 12. O-O-O b5 13. Bxb5 cxb5 14. Nxb5
Kf8 15. Bd6+ Ne7 16. Nc7 Qh6+ 17. Bf4 Qc6 18. Nxa8 Qxa8 19. Bd6 h5 20. Qb4 Qe8
21. Rd5 Be6 22. Ra5 f5 23. f3 exf3 24. Rf1 h4 25. Qe1 Kf7 26. Bxe7 Qxe7 27. Rxf3
hxg3 28. hxg3 Qg5+ 29. Kb1 Nf6 30. b3 Bd5 31. Rxa7+ Kg6 32. Rf1 Be4 33. Rc7 Rh2
34. a4 Nd5 35. Rc6+ Kh7 36. Rf2 Rh3 37. a5 Qxg3 38. Kb2 Qe5+ 39. Ka3 Ne3 40. Qc3
Nxc2+ 0-1

[Event "25th European Teams"]
[Site "Batumi GEO"]
[Date "2025.10.10"]
[Round "6.20"]
[Board "1"]
[White "Nemeth, Zalan"]
[Black "Waldhausen Gordon, Frederick"]
[Result "1/2-1/2"]
[WhiteTitle "FM"]
[BlackTitle "FM"]
[WhiteElo "2212"]
[BlackElo "2389"]
[WhiteTeam "Ireland"]
[BlackTeam "Scotland"]
[WhiteFideId "2512041"]
[BlackFideId "2409143"]
[EventDate "2025.10.05"]

1. d4 d5 2. c4 e6 3. Nf3 a6 4. g3 dxc4 5. Bg2 Nc6 6. O-O Rb8 7. e4 Nf6 8. Nc3
Be7 9. d5 exd5 10. exd5 Nb4 11. Ne5 Bf5 12. a3 Nd3 13. Nxc4 Nxc1 14. Rxc1 O-O
15. b4 Ne8 16. Ne4 Bxe4 17. Bxe4 Nd6 18. Nxd6 Bxd6 19. Re1 Qf6 20. Qf3 Qxf3 21.
Bxf3 Rfe8 22. Kf1 Kf8 23. Rb1 Ra8 24. a4 Rxe1+ 25. Kxe1 a5 26. b5 Re8+ 27. Kf1
b6 28. Re1 Rxe1+ 29. Kxe1 Ke7 30. Ke2 Kf6 31. Bg2 Ke5 32. Bf3 Bc5 33. Kf1 Kd4
34. Ke2 Kc3 35. Kf1 Kd4 36. Ke2 Ke5 37. Kf1 Kd4 38. Ke2 1/2-1/2

[Event "25th European Teams"]
[Site "Batumi GEO"]
[Date "2025.10.10"]
[Round "6.20"]
[Board "2"]
[White "Muir, Andrew J"]
[Black "Melaugh, Shane"]
[Result "1/2-1/2"]
[WhiteTitle "IM"]
[BlackTitle "CM"]
[WhiteElo "2157"]
[BlackElo "2192"]
[WhiteTeam "Scotland"]
[BlackTeam "Ireland"]
[WhiteFideId "2400138"]
[BlackFideId "2509580"]
[EventDate "2025.10.05"]

1. d4 e6 2. c4 f5 3. Nf3 Nf6 4. g3 Be7 5. Bg2 O-O 6. O-O d6 7. b4 Ne4 8. Bb2 d5
9. Qb3 Nc6 10. a3 Bf6 11. Ne5 Qd6 12. c5 Qe7 13. f3 Ng5 14. h4 Nf7 15. f4 Bxe5
16. dxe5 Bd7 17. Nd2 h6 18. h5 g6 19. hxg6 Nh8 20. Bxd5 exd5 21. e6 Nxg6 22.
exd7 Qxd7 23. e4 Rad8 24. Rad1 Kh7 25. exd5 Qxd5 26. Qxd5 Rxd5 27. Nc4 Rfd8 28.
Rxd5 Rxd5 29. Ne3 Rd2 30. Bc1 Rd3 31. Nxf5 a5 32. b5 Nce7 33. Nxe7 Nxe7 34. f5
Rxg3+ 35. Kh2 Rc3 36. f6 Ng6 37. Rd1 Ne5 38. Bf4 Ng4+ 39. Kg2 Nxf6 40. Bxc7 Rxc5
41. Bxa5 Rxb5 42. Rd6 Rg5+ 43. Kh1 Ne4 44. Rd7+ Kg6 45. Bd8 Rb5 46. a4 Rb2 47.
Re7 Ng5 48. Kg1 h5 49. Re3 h4 50. Bxg5 Kxg5 51. a5 Kg4 52. Ra3 Rb1+ 53. Kh2 Rb2+
54. Kh1 Rf2 55. a6 bxa6 56. Rxa6 1/2-1/2

[Event "25th European Teams"]
[Site "Batumi GEO"]
[Date "2025.10.10"]
[Round "6.20"]
[Board "3"]
[White "Tureshbayev, Anuar"]
[Black "Mitchell, Martin"]
[Result "0-1"]
[WhiteTitle "CM"]
[WhiteElo "2285"]
[BlackElo "2117"]
[WhiteTeam "Ireland"]
[BlackTeam "Scotland"]
[WhiteFideId "651081709"]
[BlackFideId "2400634"]
[EventDate "2025.10.05"]

1. e4 d6 2. d4 Nf6 3. Nc3 g6 4. Be3 c6 5. h3 Nbd7 6. Nf3 Qc7 7. Qd2 e5 8. Bh6 b5
9. Bxf8 Rxf8 10. a3 Bb7 11. Be2 a6 12. O-O O-O-O 13. Rfd1 c5 14. dxe5 dxe5 15.
Qe3 Nb6 16. a4 b4 17. a5 Rxd1+ 18. Rxd1 bxc3 19. axb6 Qxb6 20. Qxc3 Re8 21. Qc4
Re7 22. Bd3 Kb8 23. Nd2 Rc7 24. Qc3 Re7 25. Nb3 Nd7 26. Ra1 Ka7 27. Na5 Qb4 28.
Qxb4 cxb4 29. Bxa6 Bxe4 30. Bd3 Bxd3 31. Nc6+ Kb6 32. Nxe7 Bxc2 33. Nd5+ Kb5 34.
Ra8 b3 35. Nc3+ Kb6 36. Kf1 Nc5 37. Rc8 Nd3 38. Nd5+ Kb7 39. Rc7+ Kb8 40. Rc3
Nxb2 41. Nb4 Na4 42. Rxc2 bxc2 43. Nxc2 Kc7 44. Ke2 Kd6 45. Ke3 Nc3 46. g3 f5
47. h4 Nd5+ 48. Kf3 e4+ 49. Kg2 Kc5 50. f3 Kc4 51. Kf2 Kd3 52. fxe4 fxe4 53.
Ne1+ Kd2 54. Nf3+ exf3 55. Kxf3 Kd3 56. Kg4 Ke4 57. Kg5 Ke5 58. h5 Ne7 59. g4
gxh5 60. Kxh5 Ng8 0-1

[Event "25th European Teams"]
[Site "Batumi GEO"]
[Date "2025.10.10"]
[Round "6.20"]
[Board "4"]
[White "Morrison, Chris"]
[Black "O'Gorman, Alice"]
[Result "0-1"]
[WhiteElo "2174"]
[BlackElo "1960"]
[WhiteTeam "Scotland"]
[BlackTeam "Ireland"]
[WhiteFideId "2400235"]
[BlackFideId "2508214"]
[EventDate "2025.10.05"]

1. e4 c5 2. Nc3 d6 3. g3 Nc6 4. Bg2 g6 5. d3 Bg7 6. Be3 Rb8 7. Qd2 b5 8. Nge2 b4
9. Nd1 Nd4 10. c3 Nxe2 11. Qxe2 Ba6 12. O-O bxc3 13. bxc3 e6 14. f4 Ne7 15. f5
Nc6 16. Qd2 O-O 17. Bh6 f6 18. Bxg7 Kxg7 19. fxe6 Qe7 20. Nf2 Ne5 21. Rfd1 Qxe6
22. Qf4 Rb2 23. d4 Nc4 24. Nd3 g5 25. Qf3 Rc2 26. dxc5 Rxc3 27. Nf4 Qe5 28. Rd5
Rxf3 29. Rxe5 fxe5 30. Ne6+ Kg6 31. Bxf3 Rxf3 32. c6 Nb6 33. Rd1 Rd3 34. Rf1 Bc4
35. Nf8+ Kg7 36. Nd7 Bb5 37. Nf8 Rxg3+ 38. hxg3 Bxf1 39. Ne6+ Kf6 40. Nf8 Bb5
41. Nxh7+ Kg6 42. Nf8+ Kf7 43. Nh7 Bxc6 44. Nxg5+ Kg6 45. Ne6 Bxe4 46. Nc7 Bd3
47. Kf2 e4 48. Ke3 Kf5 49. Kd4 Kg4 50. Ne8 d5 51. a4 Bc4 52. a5 Nd7 53. Nd6 Kxg3
54. Ke3 Ne5 55. Nf5+ Kg4 56. Ne7 Kg5 57. Kd4 Kf6 58. Nc8 Nf3+ 59. Ke3 Ke5 60.
Nxa7 d4+ 61. Kf2 Kf4 62. Nc6 e3+ 63. Kg2 e2 64. Nxd4 Nxd4 0-1

[Event "25th European Teams"]
[Site "Batumi GEO"]
[Date "2025.10.12"]
[Round "7.1"]
[Board "1"]
[White "Giri, Anish"]
[Black "Ponomariov, Ruslan"]
[Result "1/2-1/2"]
[WhiteTitle "GM"]
[BlackTitle "GM"]
[WhiteElo "2759"]
[BlackElo "2633"]
[WhiteTeam "Netherlands"]
[BlackTeam "Ukraine"]
[WhiteFideId "24116068"]
[BlackFideId "14103320"]
[EventDate "2025.10.05"]

1. d4 Nf6 2. c4 e6 3. Nf3 d5 4. Nc3 Bb4 5. cxd5 exd5 6. Bf4 Ne4 7. Rc1 Nd7 8. h3
Nb6 9. e3 Bf5 10. Bd3 Nxc3 11. bxc3 Bxd3 12. Qxd3 Bd6 13. Bxd6 Qxd6 14. Qb5+ c6
15. Qb3 O-O 16. O-O c5 17. dxc5 Qxc5 18. Rfd1 Rac8 19. Rd4 Rc7 20. Rb4 Rfc8 21.
Nd4 Qa5 22. Rc2 g6 23. Ne2 Rc4 24. Rb5 Qa4 25. Rb2 Kg7 26. Rb1 h5 27. Qb2 Kg8
28. Qd2 R8c5 29. R5b2 Qa5 30. Rb4 Qa6 31. R4b2 Qa5 32. Qd1 Qa4 33. Qd3 Qa5 34.
Qd1 Qa4 35. Qe1 Qa5 36. Kh1 Ra4 37. Ra1 Rc7 38. Qd1 Nc4 39. Rb4 1/2-1/2

[Event "25th European Teams"]
[Site "Batumi GEO"]
[Date "2025.10.12"]
[Round "7.1"]
[Board "2"]
[White "Volokitin, Andrei"]
[Black "Van Foreest, Jorden"]
[Result "1/2-1/2"]
[WhiteTitle "GM"]
[BlackTitle "GM"]
[WhiteElo "2617"]
[BlackElo "2697"]
[WhiteTeam "Ukraine"]
[BlackTeam "Netherlands"]
[WhiteFideId "14107090"]
[BlackFideId "1039784"]
[EventDate "2025.10.05"]

1. e4 c6 2. d4 d5 3. e5 c5 4. dxc5 e6 5. c3 Nd7 6. Nf3 Bxc5 7. Nbd2 Qb6 8. Qe2
Qa6 9. Qd1 Qb6 10. Qe2 Qa6 11. Qd1 Qb6 1/2-1/2

[Event "25th European Teams"]
[Site "Batumi GEO"]
[Date "2025.10.12"]
[Round "7.1"]
[Board "3"]
[White "Van Wely, Loek"]
[Black "Kovalenko, Igor"]
[Result "0-1"]
[WhiteTitle "GM"]
[BlackTitle "GM"]
[WhiteElo "2630"]
[BlackElo "2669"]
[WhiteTeam "Netherlands"]
[BlackTeam "Ukraine"]
[WhiteFideId "1000268"]
[BlackFideId "14117908"]
[EventDate "2025.10.05"]

1. d4 Nf6 2. c4 e6 3. Nf3 d5 4. Nc3 dxc4 5. e4 b5 6. e5 Nd5 7. Nxb5 Nb6 8. Be2
Nc6 9. O-O Bb7 10. Be3 Qd7 11. Rc1 a6 12. Nc3 Be7 13. a3 Na5 14. Nd2 O-O 15. Qc2
Rab8 16. Rfd1 Ba8 17. Rb1 Kh8 18. Nde4 Qc6 19. Bf3 Qe8 20. Bg5 Nb3 21. Qe2 Bxg5
22. Nxg5 Qe7 23. h4 h6 24. Bxa8 Rxa8 25. Nce4 Rad8 26. Nf3 Rd7 27. Qe3 Rfd8 28.
g3 Qf8 29. Kg2 Qg8 30. Nc3 Qh7 31. a4 a5 32. Qf4 Kg8 33. h5 Nd5 34. Nxd5 Rxd5
35. Re1 Qc2 36. Qe4 Qxe4 37. Rxe4 Rb8 38. g4 Rb4 39. Kh3 c5 40. dxc5 Nxc5 41.
Rd4 Rxd4 42. Nxd4 c3 43. Nc6 Rb3 44. Nxa5 c2+ 0-1

[Event "25th European Teams"]
[Site "Batumi GEO"]
[Date "2025.10.12"]
[Round "7.1"]
[Board "4"]
[White "Samunenkov, Ihor"]
[Black "L'Ami, Erwin"]
[Result "1/2-1/2"]
[WhiteTitle "GM"]
[BlackTitle "GM"]
[WhiteElo "2568"]
[BlackElo "2615"]
[WhiteTeam "Ukraine"]
[BlackTeam "Netherlands"]
[WhiteFideId "14187086"]
[BlackFideId "1007998"]
[EventDate "2025.10.05"]

1. e4 c5 2. Nf3 d6 3. Bb5+ Bd7 4. c4 Nc6 5. d4 cxd4 6. Bxc6 Bxc6 7. Qxd4 Nf6 8.
Nc3 e6 9. O-O Be7 10. Rd1 O-O 11. Bg5 h6 12. Bh4 Qa5 13. h3 Rfd8 14. Qd3 Qh5 15.
Bg3 Qg6 16. Re1 a6 17. Rad1 Rac8 18. Nd4 Nh5 19. Bh2 Bf6 20. Nxc6 Rxc6 21. g4
Bxc3 22. Qxc3 Rdc8 23. b3 Nf6 24. e5 dxe5 25. Bxe5 b5 26. Bxf6 Qxf6 27. Qxf6
gxf6 28. cxb5 axb5 29. Re2 h5 30. Rd4 Rc5 31. Kg2 Kg7 32. a4 bxa4 33. bxa4 Kg6
34. Re3 Rc3 35. Rxc3 Rxc3 36. Rb4 Ra3 37. Rc4 f5 38. gxf5+ Kxf5 39. f3 e5 40. h4
f6 41. Kf2 Ra2+ 42. Ke3 Ra3+ 43. Kf2 Ra1 44. Rb4 Kg6 45. Ke3 Ra3+ 46. Kf2 Rc3
47. Ke2 Kf5 48. Kf2 Rc2+ 49. Ke3 Ra2 50. Rc4 Ke6 51. Rc6+ Kd5 52. Rxf6 Rxa4 53.
Rf5 Rxh4 54. f4 Rxf4 55. Rxf4 exf4+ 56. Kxf4 h4 57. Kg4 h3 58. Kxh3 Ke5 1/2-1/2

[Event "25th European Teams"]
[Site "Batumi GEO"]
[Date "2025.10.12"]
[Round "7.2"]
[Board "1"]
[White "Mamedyarov, Shakhriyar"]
[Black "Rapport, Richard"]
[Result "1/2-1/2"]
[WhiteTitle "GM"]
[BlackTitle "GM"]
[WhiteElo "2742"]
[BlackElo "2724"]
[WhiteTeam "Azerbaijan"]
[BlackTeam "Hungary"]
[WhiteFideId "13401319"]
[BlackFideId "738590"]
[EventDate "2025.10.05"]

1. d4 Nf6 2. c4 e6 3. Nc3 Bb4 4. Qc2 h6 5. e4 c5 6. dxc5 Bxc5 7. e5 Ng4 8. Ne4
Qb6 9. Nxc5 Qxc5 10. f4 d6 11. Qe2 h5 12. Nf3 Nd7 13. exd6 Qxd6 14. Qd2 Qc7 15.
h3 Nh6 16. b4 O-O 17. Bb2 a5 18. b5 Nf5 19. g4 Ng3 20. Rg1 Nxf1 21. Qd4 e5 22.
fxe5 Nc5 23. Ba3 Ne6 24. Qc3 Nc5 25. Qd4 Ne6 26. Qc3 hxg4 27. hxg4 Nc5 28. Kxf1
Rd8 29. Qe3 Rd3 30. Qxc5 Rxf3+ 31. Ke2 Qxc5 32. Bxc5 Rf4 33. Rac1 Be6 34. Ke3
Rxc4 35. Rxc4 Bxc4 36. Rd1 Bxb5 37. Bb6 Ra6 38. Rd8+ Kh7 39. Rd6 Bc6 40. Bc7 a4
41. a3 Ra8 42. Rd8 Rxd8 43. Bxd8 1/2-1/2

[Event "25th European Teams"]
[Site "Batumi GEO"]
[Date "2025.10.12"]
[Round "7.2"]
[Board "2"]
[White "Leko, Peter"]
[Black "Mamedov, Rauf"]
[Result "1/2-1/2"]
[WhiteTitle "GM"]
[BlackTitle "GM"]
[WhiteElo "2666"]
[BlackElo "2655"]
[WhiteTeam "Hungary"]
[BlackTeam "Azerbaijan"]
[WhiteFideId "703303"]
[BlackFideId "13401653"]
[EventDate "2025.10.05"]

1. e4 c5 2. Nf3 Nc6 3. Bb5 d6 4. O-O Bd7 5. Re1 a6 6. Bxc6 Bxc6 7. d4 cxd4 8.
Nxd4 Rc8 9. b3 Nf6 10. c4 g6 11. Nxc6 Rxc6 12. Nc3 Bg7 13. Bf4 O-O 14. Rc1 e6
15. h3 Nh5 16. Bd2 Nf6 17. Bf4 Nh5 18. Bd2 Nf6 19. Qe2 Nd7 20. Red1 Qh4 21. Qg4
Qxg4 22. hxg4 Ne5 23. f3 Nd3 24. Rb1 f5 25. gxf5 gxf5 26. Be3 Ne5 27. exf5 Nxf3+
28. gxf3 Bxc3 29. fxe6 Rxf3 30. Bd4 Bxd4+ 31. Rxd4 Re3 32. Rg4+ Kh8 33. Rf1 Rc8
34. Rf7 Rxe6 35. Rxb7 Rf8 36. Rg2 a5 37. Ra7 Re5 38. Rd7 Re6 39. Kh2 Rh6+ 40.
Kg1 Re6 41. Rb7 Re5 42. Rb5 Re1+ 43. Kh2 a4 44. Rb7 axb3 45. axb3 Re4 46. Rd7
Rh4+ 47. Kg1 Rd4 48. Kh2 Rb8 49. Rg3 Re8 50. Kh3 Rb8 51. Rc7 h6 52. Rf7 Rg8 53.
Rff3 Kh7 54. Rf7+ Kh8 1/2-1/2

[Event "25th European Teams"]
[Site "Batumi GEO"]
[Date "2025.10.12"]
[Round "7.2"]
[Board "3"]
[White "Safarli, Eltaj"]
[Black "Sjugirov, Sanan"]
[Result "1-0"]
[WhiteTitle "GM"]
[BlackTitle "GM"]
[WhiteElo "2630"]
[BlackElo "2632"]
[WhiteTeam "Azerbaijan"]
[BlackTeam "Hungary"]
[WhiteFideId "13402129"]
[BlackFideId "4189302"]
[EventDate "2025.10.05"]

1. e4 c6 2. d4 d5 3. e5 Bf5 4. h4 h5 5. Bd3 Bxd3 6. Qxd3 Qa5+ 7. b4 Qxb4+ 8. Nd2
e6 9. Rb1 Qe7 10. Ne2 b5 11. a4 b4 12. Nb3 Qb7 13. Qf3 Nd7 14. O-O Ne7 15. Bg5
a5 16. Ng3 g6 17. Bf6 Rg8 18. c3 Nc8 19. cxb4 axb4 20. a5 Nxf6 21. exf6 Na7 22.
Rfc1 Nb5 23. Ne2 Qc7 24. Nc5 Bxc5 25. Rxc5 Rxa5 26. Qe3 Kd7 27. Nf4 Nc3 28. Nd3
Nxb1 29. Ne5+ Kc8 30. Rxc6 Nc3 31. Rxc7+ Kxc7 32. Nxf7 Ra6 33. Ne5 Rc8 34. f7
Kb7 35. Nd7 Raa8 36. Qxe6 Rc6 37. Qe7 1-0

[Event "25th European Teams"]
[Site "Batumi GEO"]
[Date "2025.10.12"]
[Round "7.2"]
[Board "4"]
[White "Gledura, Benjamin"]
[Black "Suleymanli, Aydin"]
[Result "0-1"]
[WhiteTitle "GM"]
[BlackTitle "GM"]
[WhiteElo "2643"]
[BlackElo "2614"]
[WhiteTeam "Hungary"]
[BlackTeam "Azerbaijan"]
[WhiteFideId "712779"]
[BlackFideId "13413937"]
[EventDate "2025.10.05"]

1. d4 Nf6 2. c4 e6 3. Nc3 Bb4 4. e3 O-O 5. Bd3 d5 6. cxd5 exd5 7. a3 Bd6 8. Qc2
b6 9. Nb5 c5 10. b3 Be7 11. Nf3 Bb7 12. Bb2 Nbd7 13. O-O Re8 14. Rfd1 a6 15. Nc3
Bd6 16. Qe2 Qe7 17. a4 Ne4 18. Rac1 Ndf6 19. h3 Qe6 20. Rc2 h6 21. Qf1 Ng5 22.
Ne5 Bxe5 23. dxe5 Qxe5 24. e4 d4 25. f4 Nxh3+ 26. gxh3 Qh5 27. Rg2 dxc3 28. Bxc3
Kh8 29. Be2 Qh4 30. Rd6 Rxe4 31. Bxf6 gxf6 32. Rg4 Rg8 33. Rxg8+ Kxg8 34. Qg2+
Kf8 35. Rd8+ Ke7 36. Rd1 Qxf4 37. Bd3 Qd6 38. Qf3 Qd4+ 39. Kh1 Kf8 40. Rg1 Re1 0-1

[Event "25th European Teams"]
[Site "Batumi GEO"]
[Date "2025.10.12"]
[Round "7.3"]
[Board "1"]
[White "Vitiugov, Nikita"]
[Black "Theodorou, Nikolas"]
[Result "1/2-1/2"]
[WhiteTitle "GM"]
[BlackTitle "GM"]
[WhiteElo "2654"]
[BlackElo "2652"]
[WhiteTeam "England"]
[BlackTeam "Greece"]
[WhiteFideId "4152956"]
[BlackFideId "4262875"]
[EventDate "2025.10.05"]

1. d4 Nf6 2. c4 e6 3. Nc3 Bb4 4. Nf3 b6 5. Bd2 Bb7 6. g3 Bxc3 7. Bxc3 Ne4 8. Rc1
O-O 9. Bg2 d6 10. O-O Nxc3 11. Rxc3 Nd7 12. d5 e5 13. e4 a5 14. Qe2 Bc8 15. Nd2
Nc5 16. f4 exf4 17. gxf4 Re8 18. Re3 Qh4 19. b3 Bg4 20. Qe1 Qxe1 21. Rfxe1 Re7
22. a3 Rae8 23. b4 axb4 24. axb4 Na6 25. Rb3 f5 26. h3 Bh5 27. Ra1 fxe4 28. Nxe4
Be2 29. Nd2 Nb8 30. Ra7 Kf8 31. Rc3 Bh5 32. Nf1 Bg6 33. Ng3 Bb1 34. f5 Re1+ 35.
Kh2 Nd7 36. Rxc7 Nf6 37. Rc6 h5 38. Bf3 h4 39. Ne2 Ne4 40. Re3 Nd2 41. Rxe8+
Kxe8 42. Nd4 Be4 43. Bxe4 Rxe4 44. Nb5 Re2+ 45. Kg1 Nf3+ 46. Kf1 Rd2 47. Nxd6+
Kd7 48. Ne4 Nh2+ 1/2-1/2

[Event "25th European Teams"]
[Site "Batumi GEO"]
[Date "2025.10.12"]
[Round "7.3"]
[Board "2"]
[White "Kourkoulos-Arditis, Stamatis"]
[Black "Maroroa Jones, Gawain C B"]
[Result "0-1"]
[WhiteTitle "GM"]
[BlackTitle "GM"]
[WhiteElo "2583"]
[BlackElo "2643"]
[WhiteTeam "Greece"]
[BlackTeam "England"]
[WhiteFideId "4221990"]
[BlackFideId "409561"]
[EventDate "2025.10.05"]

1. e4 c5 2. Nf3 Nc6 3. Bb5 g6 4. Bxc6 dxc6 5. d3 Bg7 6. h3 b6 7. O-O Nf6 8. Nc3
Nd7 9. Be3 e5 10. Qd2 Nf8 11. Bh6 Bf6 12. Ne2 Ne6 13. h4 Qd6 14. a3 Bd7 15. b4
Nd4 16. Nexd4 cxd4 17. Ng5 Be7 18. f4 f6 19. Nf3 Rg8 20. fxe5 fxe5 21. Ng5 Be6
22. Nxh7 O-O-O 23. Nf6 Rh8 24. Bg5 Kb7 25. Rf3 Rc8 26. Raf1 Rc7 27. Bh6 Bd8 28.
Rg3 Bf7 29. Bg5 Be6 30. Bh6 Bf7 31. Bg5 Be6 32. Ng4 Rch7 33. Nh6 Be7 34. Bxe7
Qxe7 35. Rxg6 Qxh4 36. Rff6 Bd7 37. Rd6 Rf8 38. Qe2 Qf4 39. g3 Qc1+ 40. Kg2 Be8
41. Rge6 Bh5 42. g4 Bxg4 43. Qxg4 Qf1+ 44. Kg3 Qf2+ 45. Kh3 Rf3+ 46. Qxf3 Qxf3+
47. Kh4 Qf2+ 48. Kg4 Qxc2 49. Nf5 Qg2+ 50. Ng3 Rh3 0-1

[Event "25th European Teams"]
[Site "Batumi GEO"]
[Date "2025.10.12"]
[Round "7.3"]
[Board "3"]
[White "McShane, Luke J"]
[Black "Papaioannou, Ioannis"]
[Result "1-0"]
[WhiteTitle "GM"]
[BlackTitle "GM"]
[WhiteElo "2614"]
[BlackElo "2623"]
[WhiteTeam "England"]
[BlackTeam "Greece"]
[WhiteFideId "404853"]
[BlackFideId "4201345"]
[EventDate "2025.10.05"]

1. e4 c5 2. Nf3 d6 3. Nc3 a6 4. d4 cxd4 5. Qxd4 Nc6 6. Qd3 Nf6 7. Nd5 Nd7 8. c4
Nc5 9. Qe3 e6 10. Nc3 Be7 11. Be2 O-O 12. O-O b6 13. b3 Bb7 14. Bb2 Re8 15. Rad1
Qc7 16. Rfe1 Rad8 17. Bf1 Nd7 18. Ng5 Nce5 19. Nh3 Ng6 20. Nf4 Nxf4 21. Qxf4 Ne5
22. Qg3 Ng6 23. Qe3 Bc6 24. Qd2 Qb7 25. a4 Bf6 26. Qc2 Be7 27. b4 Qb8 28. Ne2
Rc8 29. Nd4 Bb7 30. Qd2 Qa8 31. Nf3 Bxe4 32. Qd4 Bf6 33. Qxe4 Bxb2 34. Rxd6 Qb8
35. Red1 a5 36. c5 bxc5 37. bxa5 Qc7 38. Bb5 Bd4 39. Rb6 Red8 40. Nxd4 cxd4 41.
Rxd4 Rxd4 42. Qxd4 Rd8 43. Rc6 Qxa5 44. Rd6 Rxd6 45. Qxd6 h5 46. Qd4 Qe1+ 47.
Bf1 h4 48. h3 Kh7 49. Qc4 Qa1 50. Qb5 e5 51. a5 Nf4 52. a6 f6 53. Kh2 Kh6 54.
Bc4 Qd4 55. Kg1 Qa1+ 56. Bf1 g6 57. Qc4 Kg7 58. Qc2 Kh6 59. Qd2 Kg7 60. Qe3 Ne6
61. Qd3 Nf4 62. Qd2 Kh7 63. Qe3 Ne6 64. Qb3 Nf4 65. Qc4 Kh6 66. Kh2 Qa5 67. Qc1
Kg7 68. Kg1 Kh7 69. Qb1 Kh6 70. Bc4 Qc7 71. Qa2 Qa7 72. Qd2 Qc5 73. Bf1 Qb6 74.
Qe3 1-0